[Event "World Amateur-ch"]
[Site "Neos Marmaras"]
[Date "2012.04.17"]
[Round "2"]
[White "Akinci, Muzaffer Ege"]
[Black "Tsakiris, Haralambos"]
[Result "0-1"]
[WhiteElo "1846"]
[BlackElo "1956"]
[PlyCount "114"]
[EventDate "2012.04.16"]
[EventType "swiss"]
[EventRounds "9"]
[EventCountry "GRE"]
[SourceTitle "CBM 148 Extra"]
[Source "ChessBase"]
[SourceDate "2012.06.22"]
[SourceVersion "1"]
[SourceVersionDate "2012.06.22"]
[SourceQuality "1"]

1. d4 e6 2. Nf3 Nf6 3. c4 Bb4+ 4. Nbd2 0-0 5. e3 b6 6. Bd3 Bb7 7. 0-0 Be7 8. e4 d5 9. e5 Nfd7 10. Qe2 c5 11. cxd5 Bxd5 12. Ne4 cxd4 13. Nfg5 h6 14. Qh5 Nxe5 15. Nxe6 Bxe6 16. Qxe5 Nc6 17. Qg3 Kh8 18. Bf4 Qd5 19. a3 Qh5 20. Bd6 Qg4 21. Rac1 Qxg3 22. Bxg3 Bd5 23. Nd6 Bxd6 24. Bxd6 Rfd8 25. Bc7 Rdc8 26. Bd6 Na5 27. Ba6 Rxc1 28. Rxc1 Nb3 29. Re1 Be6 30. f3 Rd8 31. Be7 Rd7 32. Bb4 Rc7 33. Bd3 a5 34. Bd6 Rd7 35. Bf4 Nc5 36. Bb5 Rd5 37. Bc4 Rf5 38. Bxe6 Nxe6 39. Bd2 Rc5 40. Rc1 Kh7 41. b4 Rxc1+ 42. Bxc1 Kg6 43. Kf2 Kf5 44. Ke2 Nf4+ 45. Kf1 axb4 46. axb4 Ke5 47. Bd2 b5 48. g3 Ng6 49. Ke2 Kd5 50. Kd3 Ne5+ 51. Ke2 Kc4 52. Bf4 Nc6 53. Bd6 g6 54. h4 h5 55. g4 Nxb4 56. gxh5 gxh5 57. Kd2 Nd5 0-1

[Event "Izmir op 10th"]
[Site "Izmir"]
[Date "2011.09.04"]
[Round "5"]
[White "Quparadze, Giga"]
[Black "Akinci, Muzaffer Ege"]
[Result "1-0"]
[WhiteElo "2462"]
[BlackElo "1872"]
[PlyCount "81"]
[EventDate "2011.09.01"]
[EventType "swiss"]
[EventRounds "9"]
[EventCountry "TUR"]
[SourceTitle "CBM 144 Extra"]
[Source "ChessBase"]
[SourceDate "2011.10.28"]
[SourceVersion "1"]
[SourceVersionDate "2011.10.28"]
[SourceQuality "1"]

1. e4 d6 2. d4 Nf6 3. Nc3 g6 4. f4 Bg7 5. Nf3 0-0 6. Bd3 Nh5 7. 0-0 Bg4 8. Be3 Nd7 9. h3 Bxf3 10. Qxf3 c5 11. d5 Qa5 12. g4 Nhf6 13. Ne2 b5 14. c3 Ne8 15. a3 Rb8 16. h4 Qc7 17. g5 a5 18. h5 f6 19. hxg6 hxg6 20. e5 f5 21. e6 Nb6 22. Bxb5 Nxd5 23. Bxe8 Rfxe8 24. Qxd5 Rxb2 25. Ra2 Qb7 26. Qxb7 Rxb7 27. Kf2 Reb8 28. a4 Rb3 29. Rc1 Kf8 30. Bd2 Rb2 31. Rc2 R2b3 32. c4 Rd3 33. Bxa5 Rbb3 34. Be1 Bd4+ 35. Kg2 Rb1 36. Nxd4 cxd4 37. Bf2 Rdd1 38. a5 d3 39. Rd2 Rxd2 40. Rxd2 Ra1 41. Rb2 1-0

[Event "TUR-chT2"]
[Site "Konya"]
[Date "2011.07.10"]
[Round "9"]
[White "Akinci, Muzaffer Ege"]
[Black "Karabayir, Mustafa Yilmaz"]
[Result "0-1"]
[WhiteElo "1886"]
[BlackElo "1881"]
[PlyCount "78"]
[EventDate "2011.07.04"]
[EventType "team-swiss"]
[EventRounds "9"]
[EventCountry "TUR"]
[SourceTitle "CBM 143 Extra"]
[Source "ChessBase"]
[SourceDate "2011.08.29"]
[SourceVersion "1"]
[SourceVersionDate "2011.08.29"]
[SourceQuality "1"]
[WhiteTeam "Ankara Tasduvar"]
[BlackTeam "Ankara Demirspor"]
[WhiteTeamCountry "TUR"]
[BlackTeamCountry "TUR"]

1. d4 Nf6 2. Nf3 e6 3. c4 d5 4. Nc3 c5 5. cxd5 Nxd5 6. e4 Nxc3 7. bxc3 cxd4 8. cxd4 Bb4+ 9. Bd2 Bxd2+ 10. Qxd2 0-0 11. Bc4 Nc6 12. 0-0 b6 13. Rfd1 Bb7 14. Rac1 Rc8 15. Qe2 Na5 16. Ba6 Qe7 17. h4 h6 18. g3 Rxc1 19. Rxc1 Bxa6 20. Qxa6 Qa3 21. Rc8 Qxf3 22. Rxf8+ Kxf8 23. Qc8+ Ke7 24. Qc7+ Kf6 25. d5 Qxe4 26. d6 Nc6 27. d7 Kg6 28. a3 Kh7 29. Kh2 Qd5 30. Qxc6 Qxc6 31. d8Q Qf3 32. Qd4 Qxa3 33. Qe4+ g6 34. h5 Qe7 35. hxg6+ fxg6 36. Kg2 b5 37. Qc6 b4 38. Qc4 Qb7+ 39. Kg1 b3 0-1

[Event "TUR-chT2"]
[Site "Konya"]
[Date "2011.07.06"]
[Round "3"]
[White "Serin, Sarper"]
[Black "Akinci, Muzaffer Ege"]
[Result "1-0"]
[WhiteElo "1745"]
[BlackElo "1886"]
[PlyCount "77"]
[EventDate "2011.07.04"]
[EventType "team-swiss"]
[EventRounds "9"]
[EventCountry "TUR"]
[SourceTitle "CBM 143 Extra"]
[Source "ChessBase"]
[SourceDate "2011.08.29"]
[SourceVersion "1"]
[SourceVersionDate "2011.08.29"]
[SourceQuality "1"]
[WhiteTeam "Adana Ceyhan Belediye"]
[BlackTeam "Ankara Tasduvar"]
[WhiteTeamCountry "TUR"]
[BlackTeamCountry "TUR"]

1. d4 Nf6 2. Nc3 d6 3. e4 g6 4. f4 Bg7 5. e5 Nfd7 6. Bc4 0-0 7. Nf3 c5 8. exd6 cxd4 9. Ne2 Nb6 10. dxe7 Qxe7 11. Bd3 Nc6 12. 0-0 Nd5 13. a3 Ne3 14. Bxe3 Qxe3+ 15. Kh1 Be6 16. Nd2 Bd5 17. Nc4 Qh3 18. Rf2 Bf6 19. f5 Qh4 20. Kg1 b5 21. Nd2 Bg5 22. Nf3 Bxf3 23. Rxf3 Be3+ 24. Kh1 Ne5 25. Rh3 Qg5 26. Rg3 Ng4 27. Qf1 Qh4 28. h3 Nf2+ 29. Kh2 Rac8 30. Bxb5 Rxc2 31. b3 Kh8 32. Qe1 Rc5 33. Qb4 Rcc8 34. Rf1 Qf6 35. Bd7 Rb8 36. Qc5 Ne4 37. fxg6 Qxf1 38. Qe5+ Kg8 39. gxh7+ 1-0

[Event "TUR-ch"]
[Site "Kemer"]
[Date "2011.02.11"]
[Round "8"]
[White "Akinci, Muzaffer Ege"]
[Black "Arat, Ufuk Sezen"]
[Result "1/2-1/2"]
[WhiteElo "1867"]
[BlackElo "2028"]
[PlyCount "125"]
[EventDate "2011.02.05"]
[EventType "swiss"]
[EventRounds "10"]
[EventCountry "TUR"]
[SourceTitle "CBM 140 Extra"]
[Source "ChessBase"]
[SourceDate "2011.03.01"]
[SourceVersion "1"]
[SourceVersionDate "2011.03.01"]
[SourceQuality "1"]

1. d4 Nf6 2. Nf3 g6 3. c4 Bg7 4. g3 0-0 5. Bg2 d6 6. Nc3 Nbd7 7. 0-0 e5 8. e4 exd4 9. Nxd4 Re8 10. Re1 a6 11. h3 Rb8 12. Rb1 c5 13. Nc2 Ne5 14. b3 b5 15. f4 Ned7 16. Qd3 b4 17. Nd1 Bb7 18. Nf2 Qc7 19. Bb2 Re6 20. Ba1 Rbe8 21. Rbd1 Qa5 22. e5 Bxg2 23. exf6 Nxf6 24. Kxg2 Qxa2 25. Bxf6 Bxf6 26. Rxe6 Rxe6 27. Re1 Rxe1 28. Nxe1 Bd4 29. Qc2 Qa3 30. Nf3 Bg7 31. Ne4 a5 32. Nfd2 Qa1 33. Nxd6 Qc3 34. Qd1 Qd3 35. N6e4 Bc3 36. Qf3 Qc2 37. f5 Bxd2 38. Qe2 Qxb3 39. Nxd2 Qb2 40. Kf3 gxf5 41. h4 Kg7 42. h5 h6 43. Kf4 Qd4+ 44. Kxf5 Qf6+ 45. Ke4 Qe6+ 46. Kd3 Qd6+ 47. Kc2 Qxg3 48. Ne4 Qe5 49. Qd3 Qxh5 50. Qg3+ Qg6 51. Qe5+ Kh7 52. Kb3 Qe6 53. Qf4 a4+ 54. Kxa4 Qa6+ 55. Kb3 Qa3+ 56. Kc2 b3+ 57. Kd1 Qa1+ 58. Ke2 Qa2+ 59. Ke3 b2 60. Qxf7+ Kh8 61. Nf6 Qb3+ 62. Kd2 b1N+ 63. Ke2 1/2-1/2

[Event "TUR-ch"]
[Site "Kemer"]
[Date "2011.02.06"]
[Round "2"]
[White "Haznedaroglu, Kivanc"]
[Black "Akinci, Muzaffer Ege"]
[Result "1-0"]
[WhiteElo "2456"]
[BlackElo "1867"]
[PlyCount "93"]
[EventDate "2011.02.05"]
[EventType "swiss"]
[EventRounds "10"]
[EventCountry "TUR"]
[SourceTitle "CBM 140 Extra"]
[Source "ChessBase"]
[SourceDate "2011.03.01"]
[SourceVersion "1"]
[SourceVersionDate "2011.03.01"]
[SourceQuality "1"]

1. d4 Nf6 2. Nf3 e6 3. g3 b5 4. Bg2 Bb7 5. 0-0 c5 6. b3 Na6 7. Bb2 Be7 8. Nbd2 0-0 9. Re1 d5 10. e3 b4 11. a3 Rc8 12. dxc5 bxa3 13. Bxa3 Bxc5 14. Qb1 Bxa3 15. Rxa3 Qd6 16. Ra4 Rc3 17. Qb2 Rc7 18. Nd4 Qb6 19. Rea1 e5 20. Nf5 g6 21. Nh6+ Kg7 22. Qxe5 Kxh6 23. g4 Kg7 24. g5 Qe6 25. gxf6+ Qxf6 26. Qxf6+ Kxf6 27. Rxa6+ Bxa6 28. Rxa6+ Kg7 29. c4 dxc4 30. bxc4 Rb8 31. Bd5 Rb2 32. Nf3 h5 33. h4 Rb4 34. Ng5 Rb2 35. Kg2 Rc2 36. Kg3 Rc1 37. Nxf7 Rxf7 38. Bxf7 Kxf7 39. Rxa7+ Kf6 40. Ra6+ Kf5 41. f3 Ke5 42. c5 g5 43. hxg5 Rc3 44. f4+ Ke4 45. Re6+ Kf5 46. Re5+ Kg6 47. Kf3 1-0